[Event "Goch op 25th"]
[Site "Goch"]
[Date "2014.09.07"]
[Round "6"]
[White "Perinkulam Ramachandran, Vijay N"]
[Black "Stefkovic, Martin"]
[Result "1-0"]
[WhiteElo "1814"]
[BlackElo "1950"]
[PlyCount "129"]
[EventDate "2014.09.04"]
[EventType "swiss"]
[EventRounds "7"]
[EventCountry "GER"]
[SourceTitle "EXT 2016"]
[Source "ChessBase"]
[SourceDate "2015.10.08"]
[SourceVersion "1"]
[SourceVersionDate "2015.10.08"]
[SourceQuality "1"]

1. c4 c5 2. g3 g6 3. Bg2 Bg7 4. Nc3 Nf6 5. e4 Nc6 6. Nge2 0-0 7. 0-0 d6 8. h3 e5 9. d3 h6 10. Be3 a6 11. Qd2 Kh7 12. f4 Nd4 13. Rf2 Nd7 14. g4 f6 15. Raf1 Rb8 16. Nd5 b5 17. b3 Bb7 18. Ng3 Bxd5 19. cxd5 exf4 20. Bxf4 Qb6 21. Kh1 b4 22. Ne2 Nxe2 23. Qxe2 Rbe8 24. Qd2 g5 25. Be3 Ne5 26. d4 cxd4 27. Bxd4 Qb7 28. Rc1 Rc8 29. Rff1 Rxc1 30. Rxc1 Ng6 31. Rc6 Rd8 32. Rb6 Qe7 33. Qxb4 Nh4 34. Rb7 Rd7 35. Rxd7 Qxd7 36. Bf2 Nxg2 37. Kxg2 Qe7 38. Bg3 Bf8 39. Kf3 Qc7 40. Qc4 Qa5 41. Qc2 Kg7 42. Bf2 Be7 43. Ke2 Bd8 44. Bd4 Be7 45. a4 Kf7 46. Qc3 Qxc3 47. Bxc3 Ke8 48. Kd3 Kd7 49. Kc4 Kc7 50. Bd2 Kb6 51. a5+ Kb7 52. b4 Bd8 53. b5 Be7 54. Be1 Bd8 55. Kb4 Be7 56. Bf2 Bd8 57. Bd4 Be7 58. Bb6 f5 59. exf5 Bf6 60. bxa6+ Kxa6 61. Bc7 Be5 62. Bd8 Kb7 63. f6 Kc8 64. f7 Bg7 65. Be7 1-0

[Event "Goch op 24th"]
[Site "Goch"]
[Date "2013.09.08"]
[Round "7"]
[White "Stefkovic, Martin"]
[Black "Schaefer, Michael2"]
[Result "1-0"]
[WhiteElo "1960"]
[BlackElo "1746"]
[PlyCount "42"]
[EventDate "2013.09.05"]
[EventType "swiss"]
[EventRounds "7"]
[EventCountry "GER"]
[SourceTitle "EXT 2015"]
[Source "ChessBase"]
[SourceDate "2014.11.20"]
[SourceVersion "1"]
[SourceVersionDate "2014.11.20"]
[SourceQuality "1"]

1. d4 d5 2. g3 Nf6 3. Bg2 c6 4. Nf3 Bg4 5. Ne5 Bf5 6. Nd2 Nbd7 7. f4 Nxe5 8. fxe5 Ng4 9. Nf3 h5 10. h3 Nh6 11. 0-0 Qd7 12. Kh2 f6 13. Nh4 Bh7 14. e4 Nf7 15. exd5 cxd5 16. exf6 gxf6 17. c3 Be4 18. Bxe4 dxe4 19. Qe2 0-0-0 20. Qxe4 Bh6 21. Bxh6 Rxh6 1-0

[Event "Goch op 22nd"]
[Site "Goch"]
[Date "2011.10.02"]
[Round "7"]
[White "Sloka, Andreas"]
[Black "Stefkovic, Martin"]
[Result "0-1"]
[WhiteElo "1762"]
[BlackElo "1954"]
[PlyCount "32"]
[EventDate "2011.09.29"]
[EventType "swiss"]
[EventRounds "7"]
[EventCountry "GER"]
[SourceTitle "EXT 2014"]
[Source "ChessBase"]
[SourceDate "2013.11.20"]
[SourceVersion "1"]
[SourceVersionDate "2013.11.20"]
[SourceQuality "1"]

1. d4 d5 2. c4 c6 3. Nf3 e6 4. Nc3 f5 5. e3 Nf6 6. Bd3 Bd6 7. Qc2 Ne4 8. 0-0 0-0 9. c5 Bc7 10. b4 a6 11. a4 Nd7 12. Bd2 g5 13. b5 g4 14. Ne1 axb5 15. f3 Bxh2+ 16. Kh1 Bg3 0-1

[Event "Goch op 22nd"]
[Site "Goch"]
[Date "2011.09.30"]
[Round "2"]
[White "Stefkovic, Martin"]
[Black "Thomas, Ingo"]
[Result "1/2-1/2"]
[WhiteElo "1954"]
[BlackElo "2124"]
[PlyCount "133"]
[EventDate "2011.09.29"]
[EventType "swiss"]
[EventRounds "7"]
[EventCountry "GER"]
[SourceTitle "EXT 2014"]
[Source "ChessBase"]
[SourceDate "2013.11.20"]
[SourceVersion "1"]
[SourceVersionDate "2013.11.20"]
[SourceQuality "1"]

1. d4 Nf6 2. g3 g6 3. Bg2 Bg7 4. Nf3 0-0 5. 0-0 d6 6. Re1 c5 7. c3 Nc6 8. d5 Na5 9. e4 e5 10. b3 Ne8 11. Nbd2 b6 12. Bb2 f5 13. b4 Nb7 14. a3 f4 15. h3 fxg3 16. fxg3 Nf6 17. Nf1 Qe7 18. Bc1 Bd7 19. Qd3 b5 20. Bg5 h6 21. Bd2 a5 22. Qe2 Ra7 23. Nh4 Kh7 24. Nf3 Rfa8 25. g4 axb4 26. cxb4 Rxa3 27. Rxa3 Rxa3 28. Ng3 cxb4 29. Bxb4 Ra4 30. Qd2 Nc5 31. g5 Nh5 32. Nxh5 gxh5 33. h4 Bg4 34. Nh2 Rxb4 35. Qxb4 Nd3 36. Qd2 Nxe1 37. Qxe1 hxg5 38. Bf3 gxh4 39. Nxg4 hxg4 40. Bxg4 Qg5 41. Qe2 Bh6 42. Kh1 Qc1+ 43. Kg2 Qd2 44. Kh3 Qxe2 45. Bxe2 b4 46. Kxh4 Kg6 47. Bd1 Kf6 48. Kg4 Ke7 49. Kf5 Kd7 50. Kf6 Kc7 51. Ke6 Be3 52. Bb3 Ba7 53. Ke7 Bb8 54. Bc2 Kb6 55. Kd7 Kc5 56. Kc8 Ba7 57. Kd7 Bb6 58. Bb3 Kd4 59. Kxd6 Kxe4 60. Kc6 Bd8 61. d6 Kd4 62. Kb5 Kc3 63. Bd5 Bf6 64. Kc5 Bh4 65. Be4 b3 66. Kd5 Bf6 67. d7 1/2-1/2

[Event "Goch op 21st"]
[Site "Goch"]
[Date "2010.10.01"]
[Round "3"]
[White "Vovchik, Vladimir"]
[Black "Stefkovic, Martin"]
[Result "1-0"]
[WhiteElo "1717"]
[BlackElo "1988"]
[PlyCount "83"]
[EventDate "2010.09.30"]
[EventType "swiss"]
[EventRounds "7"]
[EventCountry "GER"]
[SourceTitle "EXT 2012"]
[Source "ChessBase"]
[SourceDate "2011.11.24"]
[SourceVersion "1"]
[SourceVersionDate "2011.11.24"]
[SourceQuality "1"]

1. e4 e6 2. d4 d5 3. Nc3 c6 4. e5 c5 5. Nf3 Nc6 6. Bb5 Bd7 7. Bxc6 bxc6 8. a4 cxd4 9. Qxd4 c5 10. Qg4 g6 11. h4 h5 12. Qg3 Bc6 13. Ng5 Qd7 14. Qf4 Bg7 15. 0-0 Nh6 16. Rd1 0-0 17. Nce4 Qc7 18. Nd6 Rad8 19. Nf3 f6 20. Qg3 Kh7 21. Nb5 Bxb5 22. axb5 Nf5 23. Qh3 Rde8 24. Ra6 Qb7 25. g4 Nd4 26. Nxd4 cxd4 27. gxh5 Qf7 28. exf6 Qxf6 29. hxg6+ Qxg6+ 30. Qg3 Qxc2 31. Re1 Rf6 32. Rxa7 Rg6 33. Bg5 d3 34. h5 Rxg5 35. Qxg5 Rg8 36. Rxe6 Kh8 37. Qg6 Qc1+ 38. Kg2 d2 39. Rxg7 Qg1+ 40. Kxg1 d1Q+ 41. Kh2 Rxg7 42. Re8+ 1-0

[Event "Goch op 20th"]
[Site "Goch"]
[Date "2009.10.03"]
[Round "4"]
[White "Stefkovic, Martin"]
[Black "Thomas, Ingo"]
[Result "1/2-1/2"]
[WhiteElo "1996"]
[BlackElo "2148"]
[PlyCount "95"]
[EventDate "2009.10.01"]
[EventType "swiss"]
[EventRounds "7"]
[EventCountry "GER"]
[SourceTitle "EXT 2011"]
[Source "ChessBase"]
[SourceDate "2010.11.26"]
[SourceVersion "1"]
[SourceVersionDate "2010.11.26"]
[SourceQuality "1"]

1. d4 Nf6 2. g3 d5 3. Nf3 c6 4. Bg2 Bg4 5. 0-0 Nbd7 6. Nbd2 e6 7. c3 Bd6 8. a4 0-0 9. b3 Re8 10. c4 e5 11. dxe5 Nxe5 12. Bb2 dxc4 13. Nxc4 Nxc4 14. bxc4 Qe7 15. e3 Rad8 16. Qc2 Bh5 17. Bxf6 Qxf6 18. Nd2 Qe7 19. Nb3 Be5 20. Rac1 Qb4 21. a5 Bg6 22. e4 f6 23. Rfd1 Bc7 24. a6 bxa6 25. Nd4 Qc5 26. Nb3 Qe7 27. f3 Bf7 28. Kh1 Qb4 29. Nd4 Qc5 30. Nb3 Qe3 31. Re1 Qd3 32. Nc5 Qa3 33. Nb3 Rb8 34. Rb1 Red8 35. f4 a5 36. Nd2 Qd3 37. Qxd3 Rxd3 38. Rxb8+ Bxb8 39. Rb1 Bc7 40. Rb2 a4 41. Bf1 Rd8 42. Kg2 Ba5 43. Nf3 a3 44. Rb3 Rd1 45. Rxa3 Bb6 46. Rc3 Bc5 47. Rb3 Bb6 48. Rc3 1/2-1/2

[Event "Goch op 19th"]
[Site "Goch"]
[Date "2008.10.12"]
[Round "7"]
[White "Menzel, Thomas"]
[Black "Stefkovic, Martin"]
[Result "0-1"]
[WhiteElo "1808"]
[BlackElo "2005"]
[PlyCount "126"]
[EventDate "2008.10.09"]
[EventType "swiss"]
[EventRounds "7"]
[EventCountry "GER"]
[SourceTitle "EXT 2011"]
[Source "ChessBase"]
[SourceDate "2010.11.26"]
[SourceVersion "1"]
[SourceVersionDate "2010.11.26"]
[SourceQuality "1"]

1. e4 c5 2. c3 d5 3. exd5 Qxd5 4. Nf3 Nc6 5. d4 cxd4 6. cxd4 e6 7. Be2 Nf6 8. 0-0 Be7 9. Nc3 Qd8 10. Bd3 h6 11. Be3 a6 12. Rc1 Bd7 13. Qe2 Nb4 14. Bb1 Nbd5 15. Ne5 b5 16. f4 b4 17. Nxd5 Nxd5 18. f5 Bb5 19. Bd3 Bxd3 20. Qxd3 0-0 21. Bd2 Bf6 22. fxe6 fxe6 23. Bxh6 Bxe5 24. dxe5 Qh4 25. Bd2 Qh5 26. Qe4 a5 27. h3 Rxf1+ 28. Rxf1 Rc8 29. a3 Rb8 30. axb4 axb4 31. Ra1 Qf7 32. Be3 Qf5 33. Qxf5 exf5 34. Bc5 Rc8 35. Ra5 Kf7 36. Rb5 b3 37. Bd4 Nf4 38. Kf2 Rc2+ 39. Kf3 Nxg2 40. Rxb3 g5 41. Bf2 Nf4 42. h4 Nh3 43. Bg3 Ng1+ 44. Ke3 Rg2 45. Rb7+ Ke6 46. Rb6+ Kd5 47. e6 Rxg3+ 48. Kf2 gxh4 49. e7 Nh3+ 50. Ke2 Rg8 51. Rf6 Re8 52. Rxf5+ Ke6 53. Rb5 Rxe7 54. Kf3 Rg7 55. Rh5 Rg3+ 56. Ke4 Rg4+ 57. Kf3 Rb4 58. Rh6+ Kf5 59. Kg2 Ng5 60. Kh1 Kg4 61. Rf6 Rxb2 62. Rf1 Nf3 63. Rf2 Rb1+ 0-1

[Event "Goch op 18th"]
[Site "Goch"]
[Date "2007.10.06"]
[Round "4"]
[White "Stuemer, Paul"]
[Black "Stefkovic, Martin"]
[Result "1/2-1/2"]
[WhiteElo "2152"]
[BlackElo "2012"]
[PlyCount "66"]
[EventDate "2007.10.04"]
[EventType "swiss"]
[EventRounds "7"]
[EventCountry "GER"]
[SourceTitle "EXT 2011"]
[Source "ChessBase"]
[SourceDate "2010.11.26"]
[SourceVersion "1"]
[SourceVersionDate "2010.11.26"]
[SourceQuality "1"]

1. c4 c5 2. g3 g6 3. Bg2 Bg7 4. Nc3 Nf6 5. a3 Nc6 6. Rb1 0-0 7. b4 d6 8. b5 Na5 9. d3 Rb8 10. Bd2 b6 11. e4 e6 12. Nge2 Nd7 13. 0-0 Nb7 14. Qc2 Qe7 15. f4 f5 16. Rbe1 Nd8 17. h3 Bb7 18. Kh2 Nf7 19. Ng1 e5 20. exf5 Bxg2 21. Kxg2 gxf5 22. Nd5 Qe6 23. Ne2 Nf6 24. Nec3 Rb7 25. Bc1 Nh8 26. Kh2 Ng6 27. Qg2 Rbf7 28. Bb2 Nxd5 29. Nxd5 Qd7 30. Rg1 Kh8 31. Qf3 Kg8 32. Qg2 Kh8 33. Qf3 Kg8 1/2-1/2

[Event "Goch op 18th"]
[Site "Goch"]
[Date "2007.10.05"]
[Round "2"]
[White "Coenen, Michael"]
[Black "Stefkovic, Martin"]
[Result "1-0"]
[WhiteElo "2236"]
[BlackElo "2012"]
[PlyCount "105"]
[EventDate "2007.10.04"]
[EventType "swiss"]
[EventRounds "7"]
[EventCountry "GER"]
[SourceTitle "EXT 2011"]
[Source "ChessBase"]
[SourceDate "2010.11.26"]
[SourceVersion "1"]
[SourceVersionDate "2010.11.26"]
[SourceQuality "1"]

1. e4 c5 2. Nf3 Nc6 3. Bb5 g6 4. Bxc6 bxc6 5. d3 Bg7 6. 0-0 d6 7. h3 e5 8. a3 Ne7 9. b4 cxb4 10. axb4 0-0 11. Be3 Qc7 12. c3 Bd7 13. Nbd2 h6 14. Nh2 f5 15. f3 f4 16. Bf2 Kh7 17. Ra6 Bc8 18. Ra3 a6 19. Qc2 Bb7 20. Nc4 g5 21. d4 Ng6 22. dxe5 dxe5 23. Bc5 Rf6 24. Rd1 Rd8 25. Raa1 Bf8 26. Rxd8 Qxd8 27. Ng4 Re6 28. Rd1 Qe8 29. Qd3 Bxc5+ 30. bxc5 h5 31. Qd7+ Qe7 32. Qxe7+ Rxe7 33. Nf6+ Kg7 34. Nxh5+ Kf7 35. Nd6+ Kf8 36. Nf5 Rc7 37. Rd8+ Kf7 38. Rb8 Ne7 39. Nd6+ Kg6 40. Ng7 Bc8 41. Nge8 Ra7 42. Nxc8 Nxc8 43. Rxc8 a5 44. Rxc6+ Kf7 45. Rc7+ Rxc7 46. Nxc7 a4 47. Nb5 Ke7 48. c6 Kd8 49. h4 gxh4 50. Kh2 a3 51. c7+ Kd7 52. Nxa3 Kxc7 53. Nc4 1-0

[Event "Goch op 17th"]
[Site "Goch"]
[Date "2006.10.15"]
[Round "7"]
[White "Schroeder, Ulrich"]
[Black "Stefkovic, Martin"]
[Result "0-1"]
[WhiteElo "1776"]
[BlackElo "2015"]
[PlyCount "117"]
[EventDate "2006.10.12"]
[EventType "swiss"]
[EventRounds "7"]
[EventCountry "GER"]
[SourceTitle "EXT 2008"]
[Source "ChessBase"]
[SourceDate "2007.11.25"]
[SourceVersion "1"]
[SourceVersionDate "2007.11.25"]
[SourceQuality "1"]

1. e3 d5 2. b3 Nf6 3. Bb2 g6 4. f4 Bg7 5. Nf3 Bg4 6. Be2 Bxf3 7. Bxf3 c6 8. d3 Nbd7 9. Nd2 Qc7 10. Qe2 0-0 11. 0-0-0 a5 12. a4 b5 13. axb5 cxb5 14. d4 Rfc8 15. c3 b4 16. c4 a4 17. Kb1 e6 18. Rc1 Qa5 19. cxd5 exd5 20. Rxc8+ Rxc8 21. bxa4 Qxa4 22. Qd1 Qb5 23. Be2 Qa5 24. Qb3 Bf8 25. g4 Nb6 26. g5 Ne8 27. h4 Nd6 28. Rc1 Rxc1+ 29. Bxc1 Na4 30. Bf3 Nb5 31. Kc2 Nbc3 32. Nb1 Nxb1 33. Kxb1 Qb5 34. h5 Be7 35. hxg6 hxg6 36. Bg4 Nc3+ 37. Kc2 Qf1 38. Bd2 Qg2 39. Kd3 Qxg4 40. Bxc3 Qf5+ 41. Kd2 bxc3+ 42. Kxc3 Qe6 43. Qb8+ Bf8 44. Qe5 Qc6+ 45. Kd2 Bd6 46. Qf6 Bb4+ 47. Ke2 Qxf6 48. gxf6 Ba5 49. Kd3 Bd8 50. e4 dxe4+ 51. Kxe4 Bxf6 52. d5 Kf8 53. f5 g5 54. d6 Ke8 55. Kd5 Kd7 56. Kc5 Be5 57. Kd5 Bxd6 58. f6 g4 59. Ke4 0-1

[Event "Goch op 17th"]
[Site "Goch"]
[Date "2006.10.13"]
[Round "2"]
[White "Stefkovic, Martin"]
[Black "Dargel, Manuel"]
[Result "0-1"]
[WhiteElo "2015"]
[BlackElo "2174"]
[PlyCount "140"]
[EventDate "2006.10.12"]
[EventType "swiss"]
[EventRounds "7"]
[EventCountry "GER"]
[SourceTitle "EXT 2008"]
[Source "ChessBase"]
[SourceDate "2007.11.25"]
[SourceVersion "1"]
[SourceVersionDate "2007.11.25"]
[SourceQuality "1"]

1. d4 d5 2. Nf3 c5 3. c3 Nc6 4. g3 Nf6 5. Bg2 Bf5 6. Nbd2 e6 7. a3 a6 8. 0-0 Rc8 9. e3 h6 10. Re1 Be7 11. Nb3 c4 12. Nbd2 0-0 13. h3 b5 14. Nh4 Bh7 15. Nhf3 a5 16. Ne5 Nxe5 17. dxe5 Nd7 18. f4 Nc5 19. Nf3 Nb3 20. Bd2 Nxa1 21. Qxa1 Qb6 22. Nd4 Bc5 23. g4 Rb8 24. Qd1 Rfc8 25. Rf1 b4 26. axb4 axb4 27. Qf3 Bd3 28. Rf2 bxc3 29. Bxc3 Be4 30. Qg3 Bxg2 31. Kxg2 Bxd4 32. Bxd4 Qb3 33. f5 Qd3 34. g5 Qe4+ 35. Kh2 h5 36. g6 Rb7 37. Qg5 exf5 38. Qxh5 fxg6 39. Qxg6 Re7 40. Qxf5 Qxf5 41. Rxf5 Rf7 42. Rg5 Re8 43. Rg6 Ra8 44. Rg2 Ra1 45. Kg3 Raf1 46. Rd2 R7f3+ 47. Kg2 Kf7 48. Re2 Ke6 49. e4 dxe4 50. Rxe4 Rf4 51. Re2 Rd1 52. Bf2 Rd3 53. h4 Rg4+ 54. Kh2 Rf3 55. Be1 g5 56. hxg5 Rf7 57. Bg3 Rf3 58. Be1 Rxg5 59. Bc3 Rf7 60. Rg2 Rfg7 61. Rxg5 Rxg5 62. Kh3 Rxe5 63. Kg3 Rf5 64. Kg4 Rf1 65. Kg3 Kd5 66. Kg2 Rf7 67. Kg3 Ke4 68. Kg2 Kd3 69. Bh8 Kc2 70. Bc3 Rb7 0-1

[Event "Goch op 17th"]
[Site "Goch"]
[Date "2006.10.12"]
[Round "1"]
[White "Gijsbers, Egon"]
[Black "Stefkovic, Martin"]
[Result "0-1"]
[WhiteElo "1485"]
[BlackElo "2015"]
[PlyCount "78"]
[EventDate "2006.10.12"]
[EventType "swiss"]
[EventRounds "7"]
[EventCountry "GER"]
[SourceTitle "EXT 2008"]
[Source "ChessBase"]
[SourceDate "2007.11.25"]
[SourceVersion "1"]
[SourceVersionDate "2007.11.25"]
[SourceQuality "1"]

1. d4 d5 2. e4 e6 3. Nc3 c6 4. Bd3 g6 5. Be3 Bg7 6. e5 Nd7 7. f4 Ne7 8. Nf3 b5 9. g4 h5 10. Ng5 Qb6 11. gxh5 Rxh5 12. Nxe6 Bh6 13. Ng5 Bxg5 14. fxg5 Nxe5 15. Be2 Rh3 16. Bf4 Nc4 17. b3 Ne3 18. Bxe3 Rxe3 19. Qd2 Nf5 20. 0-0 Qxd4 21. Qxd4 Nxd4 22. Bd3 Nxc2 23. Bxc2 Rxc3 24. Rae1+ Kd8 25. Rf2 a5 26. Bb1 Ra7 27. Bxg6 Be6 28. Rxe6 fxe6 29. Rf8+ Kc7 30. Rf7+ Kb8 31. Rxa7 Kxa7 32. Kg2 d4 33. Be4 d3 34. Bf3 d2 35. Be2 Rc1 36. h4 d1Q 37. Bxd1 Rxd1 38. Kg3 c5 39. h5 c4 0-1

[Event "Duisburg Grossenbaum op"]
[Site "Duisburg"]
[Date "2006.07.02"]
[Round "6"]
[White "Schuelke, Tilman"]
[Black "Stefkovic, Martin"]
[Result "1-0"]
[WhiteElo "1959"]
[BlackElo "2042"]
[PlyCount "113"]
[EventDate "2006.06.02"]
[EventType "swiss"]
[EventRounds "7"]
[EventCountry "GER"]
[SourceTitle "EXT 2007"]
[Source "ChessBase"]
[SourceDate "2006.11.23"]
[SourceVersion "1"]
[SourceVersionDate "2006.11.23"]
[SourceQuality "1"]

1. g3 d5 2. Bg2 g6 3. Nf3 Bg7 4. 0-0 Nf6 5. d3 0-0 6. Nbd2 Re8 7. h3 e5 8. e4 c6 9. b3 Nbd7 10. Bb2 d4 11. Kh2 c5 12. a4 a5 13. Ng1 Qc7 14. f4 exf4 15. gxf4 Nh5 16. Ne2 g5 17. Nc4 gxf4 18. Bf3 Ng3 19. Rg1 Ne5 20. Nxe5 Bxe5 21. Bc1 Kh8 22. Qe1 Nxe2 23. Qxe2 Ra6 24. Qf2 Rg6 25. Rxg6 fxg6 26. Bd2 b6 27. Rg1 Qd8 28. Qg2 Qh4 29. Be1 Qh6 30. Rh1 Rg8 31. Kg1 g5 32. Bg4 Qg6 33. Qf3 Qf6 34. Kf1 Kg7 35. Rg1 h6 36. h4 Bxg4 37. Qxg4 Kf7 38. hxg5 Rxg5 39. Qd7+ Kg6 40. Rh1 Rg3 41. Qf5+ Qxf5 42. exf5+ Kg5 43. Bxg3 fxg3 44. Kg2 h5 45. f6 Kg4 46. f7 Bg7 47. Re1 h4 48. Re4+ Kg5 49. Kh3 Kf6 50. Rxh4 Kxf7 51. Kxg3 Be5+ 52. Kf3 Ke7 53. Ke4 Bc7 54. Kd5 Kd7 55. Rh7+ Kc8 56. Kc6 Bd8 57. Rh8 1-0

[Event "Duisburg Grossenbaum op"]
[Site "Duisburg"]
[Date "2006.06.11"]
[Round "5"]
[White "Stefkovic, Martin"]
[Black "Kulik, David"]
[Result "0-1"]
[WhiteElo "2042"]
[BlackElo "2140"]
[PlyCount "130"]
[EventDate "2006.06.02"]
[EventType "swiss"]
[EventRounds "7"]
[EventCountry "GER"]
[SourceTitle "EXT 2007"]
[Source "ChessBase"]
[SourceDate "2006.11.23"]
[SourceVersion "1"]
[SourceVersionDate "2006.11.23"]
[SourceQuality "1"]

1. c4 e5 2. Nc3 Bb4 3. g3 Nf6 4. Bg2 0-0 5. e4 Bxc3 6. dxc3 d6 7. Ne2 Be6 8. b3 Nc6 9. 0-0 Qd7 10. f3 Bh3 11. Be3 Bxg2 12. Kxg2 Qe6 13. Qd3 Ne7 14. Bg5 Ng6 15. Bxf6 Qxf6 16. Rad1 Qe6 17. Qd5 Qxd5 18. cxd5 f5 19. c4 Rf7 20. Nc3 Nf8 21. exf5 Rxf5 22. Ne4 b6 23. Rd2 Nd7 24. Rff2 Nc5 25. Nxc5 bxc5 26. Rde2 g5 27. h3 Raf8 28. Rb2 Rb8 29. Rbe2 a5 30. Re3 Rff8 31. Re4 Rf5 32. Ree2 Rbf8 33. Re4 h5 34. g4 Rf4 35. Rxf4 Rxf4 36. Re2 h4 37. Kf2 Rd4 38. Ke3 Kf7 39. Rd2 Rf4 40. Rc2 Kf6 41. Rf2 Ke7 42. Re2 Rf8 43. Ke4 Kf6 44. a4 Rb8 45. Re3 Kg6 46. Rd3 Rf8 47. Ke3 e4 48. fxe4 Kf6 49. Kd2 Ke5 50. Re3 Rf4 51. Kd3 Rf2 52. Re1 Kf4 53. e5 Rf3+ 54. Kc2 dxe5 55. Rd1 Rxh3 56. d6 cxd6 57. Rxd6 Kxg4 58. Rd5 Kf4 59. Rxc5 g4 60. Rc8 g3 61. Rg8 Rh2+ 62. Kc3 Rh1 63. Kd2 h3 64. c5 h2 65. c6 Rd1+ 0-1

[Event "Duisburg Grossenbaum op"]
[Site "Duisburg"]
[Date "2006.06.03"]
[Round "2"]
[White "Hausrath, Daniel"]
[Black "Stefkovic, Martin"]
[Result "1-0"]
[WhiteElo "2466"]
[BlackElo "2042"]
[PlyCount "111"]
[EventDate "2006.06.02"]
[EventType "swiss"]
[EventRounds "7"]
[EventCountry "GER"]
[SourceTitle "EXT 2007"]
[Source "ChessBase"]
[SourceDate "2006.11.23"]
[SourceVersion "1"]
[SourceVersionDate "2006.11.23"]
[SourceQuality "1"]

1. Nf3 d5 2. g3 Nf6 3. Bg2 g6 4. b3 Bg7 5. Bb2 c6 6. 0-0 0-0 7. c4 Nbd7 8. Qc2 Re8 9. d3 e5 10. e4 d4 11. b4 b6 12. Nbd2 Bf8 13. b5 c5 14. a4 Bg7 15. a5 Rb8 16. Nb3 Qc7 17. Bc1 Nf8 18. Bd2 Ne6 19. Ra3 Nd7 20. Ng5 Nxg5 21. Bxg5 f6 22. Bd2 Nf8 23. f4 Be6 24. Qa2 Qc8 25. axb6 axb6 26. Ra7 Rb7 27. f5 Bf7 28. h4 Qb8 29. Ra6 Qc8 30. Bh3 h6 31. Kg2 Qc7 32. Qa1 g5 33. hxg5 hxg5 34. Bg4 Nd7 35. Rh1 Kf8 36. Bh5 Nb8 37. Ra8 Bxh5 38. Rxh5 Qf7 39. Qh1 Nd7 40. Ra6 Ke7 41. g4 Rbb8 42. Qa1 Rh8 43. Ra7 Qe8 44. Rxh8 Bxh8 45. Nc1 Bg7 46. Ne2 Rd8 47. Ng3 Qf7 48. Qa6 Ke8 49. Qb7 Bf8 50. Qc6 Qe7 51. Nh5 Bg7 52. Qe6 Kf8 53. Qxe7+ Kxe7 54. Nxg7 Rh8 55. Nh5 Rf8 56. Nxf6 1-0

[Event "Goch op 16th"]
[Site "Goch"]
[Date "2005.10.03"]
[Round "6"]
[White "Stefkovic, Martin"]
[Black "Polster, Wolfgang"]
[Result "0-1"]
[WhiteElo "2043"]
[BlackElo "2281"]
[PlyCount "126"]
[EventDate "2005.09.30"]
[EventType "swiss"]
[EventRounds "7"]
[EventCountry "GER"]
[SourceTitle "EXT 2007"]
[Source "ChessBase"]
[SourceDate "2006.11.23"]
[SourceVersion "1"]
[SourceVersionDate "2006.11.23"]
[SourceQuality "1"]

1. d4 f5 2. f4 g6 3. Nf3 Bg7 4. e3 d6 5. Bc4 e6 6. c3 h6 7. a4 a5 8. Na3 Qe7 9. g3 g5 10. Qe2 d5 11. Bd3 Bd7 12. b3 Bf6 13. Nb5 Bxb5 14. Bxb5+ c6 15. Ba3 Qf7 16. Bd3 Nd7 17. Bd6 Ne7 18. Rc1 Nc8 19. Ba3 Be7 20. Bb2 Nd6 21. c4 Ne4 22. Bxe4 fxe4 23. Ne5 Nxe5 24. fxe5 0-0 25. Rf1 Qxf1+ 26. Qxf1 Rxf1+ 27. Kxf1 Rf8+ 28. Ke2 g4 29. cxd5 exd5 30. Bc3 b6 31. Bd2 Rc8 32. Rf1 Kg7 33. Rc1 Kf7 34. Rf1+ Ke6 35. Rc1 c5 36. b4 axb4 37. Bxb4 Kd7 38. dxc5 bxc5 39. Bc3 Rb8 40. Ra1 Rb6 41. a5 Ra6 42. Kd1 Bd8 43. Kc2 Bg5 44. Re1 Ra8 45. Kd1 Kc6 46. Ke2 d4 47. exd4 cxd4 48. Bxd4 Rxa5 49. Kf1 Kd5 50. Rd1 Ke6 51. Ra1 Rxa1+ 52. Bxa1 Be3 53. Bc3 h5 54. Ke2 Bb6 55. Kf1 Bc7 56. Bd4 Bxe5 57. Bg1 Kd5 58. Ke2 Bd4 59. Be3 Bxe3 60. Kxe3 Ke5 61. Ke2 Kd4 62. Kd2 e3+ 63. Ke2 Ke4 0-1

[Event "Duisburg Grossenbaum op"]
[Site "Duisburg"]
[Date "2005.05.16"]
[Round "6"]
[White "Stefkovic, Martin"]
[Black "Eiersbrock, Robin"]
[Result "1/2-1/2"]
[WhiteElo "2049"]
[BlackElo "1760"]
[PlyCount "106"]
[EventDate "2005.05.13"]
[EventType "swiss"]
[EventRounds "7"]
[EventCountry "GER"]
[SourceTitle "EXT 2006"]
[Source "ChessBase"]
[SourceDate "2005.11.24"]
[SourceVersion "1"]
[SourceVersionDate "2005.11.24"]
[SourceQuality "1"]

1. e4 d6 2. d4 Nf6 3. Bd3 e5 4. dxe5 dxe5 5. Bb5+ Bd7 6. Bxd7+ Nbxd7 7. Bg5 Bc5 8. Bxf6 Qxf6 9. Nf3 Qb6 10. 0-0 Qxb2 11. Nbd2 Qb6 12. Rb1 Qe6 13. Nb3 0-0 14. Qd3 Bb6 15. Rbd1 Nf6 16. h3 Qe7 17. c4 Rad8 18. Qc2 Bc5 19. Rfe1 Nh5 20. Rd5 Rxd5 21. cxd5 Bb6 22. a4 Qb4 23. Ra1 a5 24. Nbd2 f6 25. Rb1 Qe7 26. Qc4 Kh8 27. Kf1 Nf4 28. Ng1 Qa3 29. Ne2 Qd3 30. Qxd3 Nxd3 31. f3 Rb8 32. Nc4 Nb4 33. d6 Rd8 34. Rd1 Nc2 35. Rd2 Nd4 36. Nxb6 cxb6 37. Nxd4 exd4 38. Rxd4 Kg8 39. f4 Kf7 40. e5 Ke6 41. Re4 b5 42. axb5 fxe5 43. fxe5 a4 44. Rg4 a3 45. Ra4 Kxe5 46. Rxa3 Rxd6 47. Re3+ Kf6 48. g4 Rd5 49. Rb3 Ke5 50. Kf2 Ke4 51. b6 Rd2+ 52. Ke1 Rd3 53. Rb4+ Rd4 1/2-1/2

[Event "Goch op 15th"]
[Site "Goch"]
[Date "2004.10.03"]
[Round "7"]
[White "Stefkovic, Martin"]
[Black "Engelking, Bernhard"]
[Result "0-1"]
[WhiteElo "2049"]
[BlackElo "1742"]
[PlyCount "150"]
[EventDate "2004.09.30"]
[EventType "swiss"]
[EventRounds "7"]
[EventCountry "GER"]
[SourceTitle "EXT 2006"]
[Source "ChessBase"]
[SourceDate "2005.11.24"]
[SourceVersion "1"]
[SourceVersionDate "2005.11.24"]
[SourceQuality "1"]

1. d4 Nf6 2. Nf3 g6 3. g3 Bg7 4. Bg2 0-0 5. 0-0 d6 6. Re1 Nbd7 7. c3 e5 8. Bg5 h6 9. Bxf6 Qxf6 10. Nbd2 Qe7 11. e4 Kh7 12. Qc2 a5 13. a4 Nb8 14. Nb3 Qe8 15. Nfd2 Nc6 16. d5 Ne7 17. Nc4 b6 18. Ne3 Bf6 19. Rf1 Ba6 20. c4 Bg7 21. Nd2 Ng8 22. Bh3 Nf6 23. Rac1 Nd7 24. b3 Nc5 25. Nb1 h5 26. Nc3 Qd8 27. Ncd1 Re8 28. Nb2 Bh6 29. Bg2 Bc8 30. Nd3 Kg7 31. Nxc5 bxc5 32. f4 exf4 33. gxf4 Qh4 34. Qb2+ Kg8 35. Qf2 Qxf2+ 36. Rxf2 Rb8 37. Rb1 Bd7 38. Rff1 Rb6 39. Nc2 Reb8 40. Na1 Bxa4 41. Rf3 Bd7 42. f5 g5 43. Re1 f6 44. Bf1 g4 45. Rg3 Bf4 46. Rg2 Kf7 47. Be2 Be5 48. h3 Bxa1 49. Rxa1 Rxb3 50. hxg4 Rb1+ 51. Rxb1 Rxb1+ 52. Kf2 hxg4 53. Rxg4 Rh1 54. Rg3 Rh2+ 55. Ke1 Rh5 56. Bd3 Ba4 57. Kd2 Bb3 58. Kc3 a4 59. Re3 Rh2 60. Rg3 Rh1 61. Be2 Rc1+ 62. Kd2 Rc2+ 63. Kd3 a3 64. Bh5+ Ke7 65. Rg7+ Kd8 66. Rg8+ Kd7 67. Ra8 a2 68. Be8+ Ke7 69. Bg6 Rc1 70. Re8+ Kd7 71. Re6 Bxc4+ 72. Ke3 a1Q 73. Be8+ Kd8 74. Bc6 Qd4+ 75. Kf4 Qf2+ 0-1